Land vs. Land #178 - Statistiken

Allgemein
  • Dieses Quiz wurde 22 mal gespielt
  • Das Durchschnittsergebnis liegt bei 12 aus 14
Antwortstatistiken
Frage Antwort % Korrekt
...Fläche? Kanada🇨🇦
100%
...Bruttoinlandsprodukt pro Kopf? Kanada🇨🇦
100%
...Tourismus? Kanada🇨🇦
100%
...HDI (Human Development Index)? Kanada🇨🇦
100%
...Frieden? Kanada🇨🇦
100%
...Lebenserwartung? Kanada🇨🇦
100%
...Exportmengen? Kanada🇨🇦
100%
...Gewinner? Kanada🇨🇦
100%
...Bruttoinlandsprodukt? Kanada🇨🇦
95%
...Gesundheitswesen? Kanada🇨🇦
95%
...durchschnittlicher IQ? Kanada🇨🇦
95%
...Einwohner? Kanada🇨🇦
90%
...Militär? Aserbaidschan🇦🇿
19%
...Happy Planet Index? Aserbaidschan🇦🇿
14%
Keine übereinstimmenden Quizze gefunden
Verteilung der Resultate
Anzahl Personen mit jedem Resultat
Perzentil nach korrekt beantworteten Fragen
Ihre Resultats-Entwicklung
Sie haben dieses Quiz noch nicht gespielt